Generál Bagration

Bibliographic Details
Main Author: Golubov, Sergej Nikolajevič, 1894-1962 (Author)
Other Authors: Šľapkin, Ivan (Translator), Bachkerev, B. (Illustrator)
Format: Book
Language:Slovak
Russian
PhysicalDescription:406, [2] s. [6] obr. príl. 8°
Published: Bratislava Dukla 1951
Series:Svetová próza
Subjects:

MARC

LEADER 00000cam a2200000 a 4500
001 vtls008371985
003 SK-MaSNL
005 20260302085503.0
008 230403s1951 xo 000 fbslo
015 |a SNBA19451955-003109 
035 |a SK01SNKBKSFS20010064202 
035 |a urn:nbn:sk:snk-am3i75p 
035 |a 09548708-C0A5-487D-AD2B-28148C795253 
035 |a urn:nbn:sk:snk-am00dqrx 
035 |a SKM000066665 
040 |a SNK  |b slo  |c SNK  |e AACR2 
041 1 |a slo  |h rus 
044 |a xo  |c SK 
080 |a 821.161.1-31=162.4  |2 2001 
100 1 |a Golubov, Sergej Nikolajevič,  |d 1894-1962  |4 aut  |9 167417 
245 1 0 |a Generál Bagration  |c Sergej Golubov ; [z rovnomenného ruského originálu preložil Ivan Šľapkin ; ilustroval B. Bachkerev] 
260 |a Bratislava  |b Dukla  |c 1951  |e Prešov  |f Pravda  |e Martin  |f Neografia 
300 |a 406, [2] s.  |b [6] obr. príl.  |c 8° 
366 |e 6500 výtl. 
490 1 |a Svetová próza  |v sv. 67 
500 |a Frontispice 
500 |a Rok vydania uvedený v tiráži 1952 
600 1 7 |a Bagration, Petr Ivanovič,  |c knieža,  |d 1765-1812  |2 SNKMA  |9 755806 
655 7 |a ruské romány  |2 SNKPH  |9 70514 
700 1 |a Šľapkin, Ivan  |4 trl  |9 755807 
700 1 |a Bachkerev, B.  |4 ill  |9 755808 
700 1 |a Grajciar, Jozef  |4 red  |9 450940 
830 0 |a Svetová próza  |9 308637 
852 |a Slovenská národná knižnica 
954 |a beletria cudzojazyčná (svetová)  |2 lita 
958 |a EUIPO 
958 |a OND 
958 |a RK 
958 |a TL 
999 |c 1192425  |d 1194355 
952 |a SNK  |b SNK  |y VYP  |7 0  |p 17A0621290  |o snkSD 6631/67 D1  |i snkD 837/62  |8 1  |0 0  |1 0  |4 0  |d 2009-07-09  |l 0  |r 2026-02-24 22:16:04  |w 2026-02-24 
952 |a SNK  |b SNK  |y VYP  |7 0  |p 17A0621291  |o snkSD 6631/67 D2  |i snkF 6463/64  |8 5  |0 0  |1 0  |4 0  |d 2009-07-09  |l 0  |r 2026-02-24 22:16:04  |w 2026-02-24 
952 |a SNK  |b SNK  |y PREZ  |7 0  |p 17A0911776  |o snkSD 6631/67  |i snk3559/52  |0 0  |1 0  |4 0  |d 2019-04-02  |f 1  |l 0  |r 2025-11-14 00:00:00  |w 2026-02-24